Every Major Republican Primary Candidate since 1912 - Statistics

General Stats
  • This quiz has been taken 46 times
  • The average score is 70 of 140
Answer Stats
Year Name % Correct
2016 | 2020 | 2024 Donald Trump
100%
2024 Nikki Haley
100%
2000 George Bush
91%
1980 | 1988 | 1992 George HW Bush
91%
2016 Jeb Bush
91%
2016 Ted Cruz
91%
1952 | 1956 Dwight Eisenhower
87%
1968 George Romney
87%
1928 | 1932 Herbert Hoover
87%
2000 | 2008 John McCain
87%
2008 | 2012 Mitt Romney
87%
1960 | 1968 | 1972 Richard Nixon
87%
1968 | 1976 | 1980 | 1984 Ronald Reagan
87%
1988 | 1996 Bob Dole
83%
1976 Gerald Ford
83%
2024 Mike Pence
83%
1940 | 1948 | 1952 Robert Taft
83%
1912 | 1916 Theodore Roosevelt
83%
1912 William Taft
83%
1964 Barry Goldwater
78%
1924 Calvin Coolidge
78%
2016 Marco Rubio
78%
2016 Rand Paul
78%
2024 Ron DeSantis
78%
2008 | 2012 Ron Paul
78%
2024 Vivek Ramaswamy
74%
1920 Warren Harding
74%
2016 | 2024 Chris Christie
70%
1940 | 1944 | 1948 Thomas Dewey
70%
1920 | 1924 Hiram Johnson
61%
2016 John Kasich
61%
1960 | 1964 | 1968 Nelson Rockefeller
61%
1932 Royal Johnson
61%
1936 Alf Landon
57%
2016 Ben Carson
57%
2020 Bill Weld
57%
1980 John Anderson
57%
2008 | 2016 Mike Huckabee
57%
1940 | 1944 Wendell Wilkie
57%
2024 Asa Hutchinson
52%
1916 Charles Evans Hughes
52%
2024 Doug Burgum
52%
1992 | 1996 Pat Buchanan
52%
2012 | 2016 Rick Santorum
52%
2024 Tim Scott
52%
2016 Carly Fiorina
48%
1944 | 1948 | 1952 | 1984 Harold Stassen
48%
1988 Jack Kemp
48%
2020 Joe Walsh
48%
1996 Steve Forbes
48%
2016 Lindsey Graham
43%
2012 Newt Gingrich
43%
1988 Pat Robertson
43%
1964 Henry Cabot Lodge, Jr.
39%
1964 Margaret Chase Smith
39%
1944 | 1948 | 1952 Earl Warren
35%
2024 Francis Suarez
35%
2008 Fred Thompson
35%
1980 John Connally
35%
1912 | 1916 | 1924 Robert LaFollette
35%
2000 | 2008 Alan Keyes
30%
2016 Rick Perry
30%
2008 Rudy Giuliani
30%
2008 Duncan Hunter
26%
1936 Frank Knox
26%
2024 Ryan Binkley
26%
1940 Arthur Vandenburg
22%
1916 Charles Fairbanks
22%
1944 | 1948 | 1952 Douglas MacArthur
22%
2016 George Pataki
22%
2024 Will Hurd
22%
2016 Bobby Jindal
17%
1920 | 1928 Frank Lowden
17%
1980 Howard Baker
17%
1972 John Ashbrook
17%
1944 | 1956 John Bricker
17%
1996 Lamar Alexander
17%
2024 Larry Elder
17%
1972 Pete McCloskey
17%
1936 William Borah
17%
2016 Jim Gilmore
13%
1920 Leonard Wood
13%
1980 Phil Crane
13%
2016 Scott Walker
13%
1964 William Scranton
13%
1992 David Duke
9%
1932 Joseph France
9%
1928 James Watson
4%
1996 Richard Lugar
4%
1912 | 1916 Albert Cummins
0%
1916 Elihu Root
0%
1928 | 1932 George Norris
0%
1928 Guy Goff
0%
1932 Jacob Coxey
0%
1916 John Weeks
0%
1920 Miles Poindexter
0%
1916 Theodore Burton
0%
1956 William Knowland
0%
No matching quizzes found
Score Distribution
Percent of People with Each Score
Percentile by Number Answered
Your Score History
You have not taken this quiz